| 000 | 00427nam a22001337a 4500 | ||
|---|---|---|---|
| 008 | 090727t xxu||||| |||| 00| 0 ara d | ||
| 082 |
_222 _a306.08 _bش ر ا |
||
| 100 | 1 |
_98081 _aشرابى ، هشام |
|
| 245 | 1 | 2 |
_aالمثقفون العرب والغرب/ _cهشام شرابى |
| 250 |
_aط .5 _bمزيدة ومنقحة |
||
| 260 |
_aبيروت: _bدار نلسن، _c1999 |
||
| 300 |
_a267ص ؛ _c20 سم |
||
| 942 |
_2ddc _cBB |
||
| 999 |
_c12424 _d12424 |
||